|
|
|
|
| LEADER |
00000ny a22000003n 4500 |
| 005 |
20110616143641.0 |
| 008 |
060525s2001 sp s 001 0 spadc |
| 017 |
|
|
|a D.L. M.52636-2001
|
| 020 |
|
|
|a 8471114119
|
| 035 |
|
|
|a 1723
|
| 040 |
|
|
|a UMA.DER
|d vLex
|
| 040 |
|
|
|a UMA.RE
|d vLex
|
| 080 |
|
|
|a 347.415/416(460)
|
| 080 |
|
|
|a 347.453.1(460)
|
| 090 |
|
|
|c 791
|d 791
|
| 100 |
1 |
|
|a Da̕z Vales, Fernando
|
| 245 |
1 |
3 |
|a La subrogacin̤ legal en la ley de arrendamientos urbanos
|h [Recurso electrn̤ico]
|c Fernando Da̕z Vales ; prl̤ogo por Juan Casarso Palau
|
| 256 |
|
|
|a Servicio en ln̕ea
|
| 260 |
|
|
|a Madrid :
|b Montecorvo,
|c 2001
|
| 300 |
|
|
|a 341 p. ;
|c 23 cm
|
| 506 |
1 |
|
|a Contenido solo disponible en los productos indicados
|d vLex Global
|d vLex Global (Academic Edition, excluding Law Schools)
|d vLex Global (U.S. Academic Edition, Law Schools)
|d vLex Global (U.S. Academic Edition, excluding Law Schools)
|d vLex Global (Academic Edition, Law Schools)
|
| 650 |
0 |
7 |
|a Civil
|2 Tesauro vLex
|
| 650 |
0 |
7 |
|a Contrato de arrendamiento
|2 Tesauro vLex
|
| 650 |
0 |
7 |
|a Subrogacin̤ legal
|2 Tesauro vLex
|
| 650 |
0 |
7 |
|a Arrendamientos urbanos
|2 Tesauro vLex
|
| 650 |
0 |
7 |
|a Arrendamientos
|2 Tesauro vLex
|
| 700 |
1 |
|
|a Cardaso Palau, Juan,
|e pr
|
| 740 |
0 |
|
|a vLex Libros (Servicios en ln̕ea)
|
| 856 |
4 |
0 |
|u http://vlex.com/source/1723
|z Acceso restringido
|
| 942 |
|
|
|c BOOK
|
| 999 |
0 |
|
|a Civil Law
|b Madrid
|